000 00735nam a22002297a 4500
005 20260317104509.0
008 250521b |||||||| |||| 00| 0 eng d
037 _cTB
040 _aLCT
_cLCT
041 _2eng
_aeng
_heng
084 _aZ2,7,410j98:1 Q8
100 _aChaturvedi, A N
_9799778
245 _aPrinciples and Forms of Pleadings, Drafting & Conveyancing:
_bwith Advocacy and Professional Ethics
250 _a11th ed.
260 _aPrayagraj, India:
_bCentral law publication,
_c2018 (rp)
300 _axxxiii, 616p.
650 _aPleadings
_9684556
650 _aDrafting
_9703021
650 _aConveyancing
_9684594
650 _aLaw
942 _2CC
_cTB
_hZ2,7,410j98:1 Q8
_n0
999 _c1428937
_d1428937